000 00516nam a2200181Ia 4500
008 090124s9999 xx 000 0 und d
082 _b9570
_a1173
100 _aबेडेकर मालती
245 _a हादरलेलं घर
250 _a1
260 _c1957
300 _a35
600 _aबेडेकर मालती
630 _a हादरलेलं घर
700 _aबेडेकर मालती
730 _a हादरलेलं घर
942 _cBOOK
999 _c123624
_d123624